| 000 | 00714nam a2200217 i 4500 | ||
|---|---|---|---|
| 001 | 105021 | ||
| 003 | ES-MaACL | ||
| 005 | 20250830063058.0 | ||
| 007 | t| | ||
| 008 | 060606s1971 fr |||| | fre d | ||
| 080 | _a326(091) | ||
| 100 | 1 |
_aDeschamps, Hubert, _d1900-1979 _943846 |
|
| 245 | 1 | 0 |
_aHistoire de la traite des noirs de l'antiquité áa nos jours / _cHubert Deschamps. |
| 260 |
_a[Paris] : _bFayard, _c[1971] |
||
| 300 |
_a338 p. ; _c22 cm. |
||
| 490 | 1 | _aL'Histoire sans frontières | |
| 650 | 4 |
_aEsclavitud- _xHistoria. _912361 |
|
| 830 | 0 |
_aL'Histoire sans frontières _9232679 |
|
| 852 |
_aES-MaACL _jE-11241 _z. - Biblioteca Jacinto Martínez Lacalle |
||
| 999 |
_c105021 _d105021 |
||